000 00262nam a22001217a 4500
008 170609b xxu||||| |||| 00| 0 eng d
041 _aeng
080 _a328
100 _a19
101 _aSHP
245 _aPOWER POLITICS PEOPLE
_cMILS.C.W
942 _2udc
_cBK
999 _c16683
_d16683